000 00943nam a22001817a 4500
003 OSt
005 20251126100757.0
008 251126b |||||||| |||| 00| 0 eng d
040 _cDCL
082 _a၂၉၄.၃၈၂၄၂
130 _aတိပိဋက။
_pအဘိဓမ္မာပိဋက။
_tသမ္မောဟဝိနောဒနီ၊
_lအဋ္ဌကထာ။
245 _aသမ္မောဟဝိနောဒနီ အဋ္ဌကထာ။
264 _aရန်ကုန် ၊
_bနိုင်ငံတော်ဗုဒ္ဓသာသနာ့အဖွဲ့၊
_c၁၉၆၈။
300 _a၅၂၁ စာမျက်နှာ ၊
_c၂၆ စင်တီ။
650 _aသမ္မောဟဝိနောဒနီ
_vအဋ္ဌကထာ။
700 _aစာဂရမထေရ်၊ အသျှင်
942 _2ddc
_cSHORT TERM
_n0
999 _c2622
_d2622